Catálogo público

Compendium of wheat diseases / (Record no. 201394)

MARC details
000 -CABECERA
campo de control de longitud fija 00765nam a2200277Ia 4500
001 - NÚMERO DE CONTROL
campo de control Para_3008
003 - IDENTIFICADOR DEL NÚMERO DE CONTROL
campo de control CHAP
008 - DATOS DE LONGITUD FIJA--INFORMACIÓN GENERAL
campo de control de longitud fija 220125s1987 xx 000 0 und d
010 ## - NÚMERO DE CONTROL DE LA BIBLIOTECA DEL CONGRESO
Número de control de LC 201394
040 ## - FUENTE DE LA CATALOGACIÓN
Centro/agencia transcriptor CHAP
082 ## - NÚMERO DE LA CLASIFICACIÓN DECIMAL DEWEY
Número de clasificación PA 633.11 W5 1987
100 ## - ENTRADA PRINCIPAL--NOMBRE DE PERSONA
Nombre de persona Wiese, M. V.
9 (RLIN) 121853
245 ## - MENCIÓN DE TÍTULO
Título Compendium of wheat diseases /
Mención de responsabilidad, etc. by M. V. Wiese
250 ## - MENCIÓN DE EDICIÓN
Mención de edición 2
260 ## - PUBLICACIÓN, DISTRIBUCIÓN, ETC.
Lugar de publicación, distribución, etc. St. Paul, Minn :
Nombre del editor, distribuidor, etc. American Phytopathological Society
300 ## - DESCRIPCIÓN FÍSICA
Extensión 112 p.
650 ## - PUNTO DE ACCESO ADICIONAL DE MATERIA--TÉRMINO DE MATERIA
Término de materia o nombre geográfico como elemento de entrada Trigo
Subdivisión general Enfermedades
9 (RLIN) 115017
710 ## - PUNTO DE ACCESO ADICIONAL--NOMBRE DE ENTIDAD CORPORATIVA
Nombre de entidad corporativa o nombre de jurisdicción como elemento de entrada American Phytopathological Society. St. Paul. Minn.
901 ## - ELEMENTOS DE DATOS A LOCAL LDA (RLIN)
a PA 633.11 W5 1987
902 ## - ELEMENTOS DE DATOS B LOCAL, LDB (RLIN)
a A
905 ## - ELEMENTOS DE DATOS E LOCAL, LDE (RLIN)
a 0000001987 STPa 0000000000 00
910 ## - DATOS DE OPCIÓN DEL USUARIO (OCLC)
Datos de opción del usuario 1987
942 ## - ELEMENTOS DE PUNTO DE ACCESO ADICIONAL (KOHA)
Tipo de ítem Koha Parasitologia_
942 ## - ELEMENTOS DE PUNTO DE ACCESO ADICIONAL (KOHA)
Tipo de ítem Koha Parasitologia_
-- 1
Holdings
Estado de retiro Estado de pérdida Fuente del sistema de clasificación o colocación Estado dañado No para préstamo Código de colección Localización permanente Ubicación/localización actual Fecha de adquisición Número de inventario Total de préstamos Signatura topográfica completa Código de barras Fecha visto por última vez Número de copia Precio válido a partir de Tipo de ítem Koha Nota pública Renovaciones totales Fecha del último préstamo
    Dewey Decimal Classification     General Parasitologia Agricola Parasitologia Agricola 27/10/2005 (PA_607) (No. UACh 164107)   PA 633.11 W5 1987 4102003158 25/01/2022 Ej.3 25/01/2022 Libro 3    
    Dewey Decimal Classification     General Parasitologia Agricola Parasitologia Agricola 27/10/2005 (PA_605) (No. UACh 147117) 1 PA 633.11 W5 1987 4102003156 02/09/2024 Ej.1 25/01/2022 Libro 3 1 29/08/2024
    Dewey Decimal Classification     General Parasitologia Agricola Parasitologia Agricola 27/10/2005 (PA_606) (No. UACh 174271)   PA 633.11 W5 1987 4102003157 25/01/2022 Ej.2 25/01/2022 Libro 3